• 首页
  • 本馆介绍
  • 公告通知
  • 最新文献
  • 馆藏检索
  • 电子资源
  • 读者导购
  • 参考咨询
  • 我的图书馆
  • 登录
  • 详细信息显示
  • 放入我的书架
  • 预约/预借图书
  • 作者相关作品
  • 分类相关作品
  • 丛书相关作品
  • 出版社相关作品

书目信息

  • 表格格式
  • 工作单格式
  • 卡片格式
题名:
子空间降维算法研究与应用
    
 
作者: 姜伟 著
分册:  
出版信息: 北京   科学出版社  2018重印
页数: 124页
开本: 24cm
丛书名:
单 册:
中图分类: O186.14
科图分类:
主题词: 子空间--zi kong jian--算法--研究
电子资源:
ISBN: 978-7-03-043657-3
000 01301nam0 2200277 45
001 012001001640
005 20140108153721.0
010    @a978-7-03-043657-3@dCNY45.00
099    @aCAL 012015041474
100    @a20150414d2015 ekmy0chiy50 ea
101 0  @achi
102    @aCN@b110000
105    @aa a 000yy
106    @ar
200 1  @a子空间降维算法研究与应用@Azi kong jian jiang wei suan fa yan jiu yu ying yong@f姜伟著
210    @a北京@c科学出版社@d2018重印
215    @a124页@c图@d24cm
300    @a本书由大连市学术著作出版基金资助出版
320    @a有书目 (第114-124页)。
330    @a本书提出了一种称为多核二维判别分析新方法,该方法将多核学习引入到二维线性判别分析中,通过优化单一的目标函数同时解决核的选择和二维判别分析问题。同时提出一个新的称为自适应半监督边界费舍尔分析方法,近邻图权矩阵是在低维子空间中根据近邻点之间的关系和带类标签数据建立。最后提出了一个半监督凸非负矩阵分解降维算法,通过寻找一个嵌入映射,不但考虑矩阵分解的非负性而且考虑由带标签数据与不带标签数据所推出数据的内在几何结构。
333    @a本书可供大数据、信号处理、模式识别、机器学习、计算机视觉、数据挖掘等领域的科研人员参考。
606 0  @a子空间@Azi kong jian@x算法@x研究
690    @aO186.14@v5
701  0 @a姜伟@Ajiang wei@4著
801  0 @aCN@b北京卓展@c20191020
905    @b1202302-5@dO186.14@e52@f4
    
    子空间降维算法研究与应用/姜伟著.-北京:科学出版社,2018重印
    124页:图;24cm
    本书由大连市学术著作出版基金资助出版.-使用对象:本书可供大数据、信号处理、模式识别、机器学习、计算机视觉、数据挖掘等领域的科研人员参考。
    
    ISBN 978-7-03-043657-3:CNY45.00
    本书提出了一种称为多核二维判别分析新方法,该方法将多核学习引入到二维线性判别分析中,通过优化单一的目标函数同时解决核的选择和二维判别分析问题。同时提出一个新的称为自适应半监督边界费舍尔分析方法,近邻图权矩阵是在低维子空间中根据近邻点之间的关系和带类标签数据建立。最后提出了一个半监督凸非负矩阵分解降维算法,通过寻找一个嵌入映射,不但考虑矩阵分解的非负性而且考虑由带标签数据与不带标签数据所推出数据的内在几何结构。
●
相关链接 在E读中查询图书 在五车中查询图书 在当当中查询图书 在豆瓣中查询图书


正题名:子空间降维算法研究与应用     索取号:O186.14/52         预约/预借

序号 登录号 条形码 馆藏地/架位号 状态 备注
1 1202302   212023022   第二样本阅览室/ [索取号:O186.14/52] 在馆    
2 1202303   212023031   第三借阅区/ [索取号:O186.14/52] 在馆    
3 1202304   212023040   第三借阅区/ [索取号:O186.14/52] 在馆    
4 1202305   212023059   第三借阅区/ [索取号:O186.14/52] 在馆    
唐山师范学院图书馆 欢迎您!
大连网信软件有限公司© 版权所有